Learning strategies and learning styles /

Bibliographic Details
Other Authors: Schmeck, Ronald R.
Format: Book
Language:English
Published: New York : Plenum Press, [1988]
Series:Perspectives on individual differences.
Subjects:

MARC

Tag First Indicator Second Indicator Subfields
LEADER 00000cam a2200000 a 4500
001 in00000031307
005 20151007060356.0
008 880415s1988 nyua b 00100 eng
010 |a  88012586  
020 |a 0306428601 
035 |a (OCoLC)17871770 
035 |9 AAC0703AM 
040 |a DLC  |c DLC  |d TXA  |d UtOrBLW 
049 |a TXAM  |c [A12634820] 
050 0 0 |a LB1060  |b .L4246 1988 
082 0 |a 370.15/23  |2 19 
245 0 0 |a Learning strategies and learning styles /  |c edited by Ronald R. Schmeck. 
264 1 |a New York :  |b Plenum Press,  |c [1988] 
264 4 |c ©1988 
300 |a xx, 368 pages :  |b illustrations ;  |c 23 cm. 
336 |a text  |b txt  |2 rdacontent 
337 |a unmediated  |b n  |2 rdamedia 
338 |a volume  |b nc  |2 rdacarrier 
490 1 |a Perspectives on individual differences 
504 |a Includes bibliographies and index. 
650 0 |a Learning. 
650 0 |a Cognitive styles. 
700 1 |a Schmeck, Ronald R. 
830 0 |a Perspectives on individual differences. 
999 |a MARS 
999 f f |s a053f5b4-0ecf-3997-a1d6-3b816d4cf881  |i d237b8fb-2f10-338d-a09a-f5ae8b97fa34  |t 0 
952 f f |p normal  |a Texas A&M University  |b College Station  |c Sterling C. Evans Library  |d Evans: Library Stacks  |t 0  |e LB1060 .L4246 1988  |h Library of Congress classification  |i unmediated -- volume  |m A14812634820 
998 f f |a LB1060 .L4246 1988  |t 0  |l Evans: Library Stacks